Normal view
MARC view
Entry Personal Name
001 - CONTROL NUMBER
- control field: 83048
003 - CONTROL NUMBER IDENTIFIER
- control field: OSt
005 - DATE AND TIME OF LATEST TRANSACTION
- control field: 20241215130108.0
008 - FIXED-LENGTH DATA ELEMENTS
- fixed length control field: 241215|| aca||aabn | a|a d
040 ## - CATALOGING SOURCE
- Original cataloging agency: OSt
- Transcribing agency: OSt
100 ## - HEADING--PERSONAL NAME
- Personal name: प्रसाद,एस एन
670 ## - SOURCE DATA FOUND
- Source citation: Work cat.: (OSt)67814: प्रसाद,एस एन, रेल्वे All Exams (Non Technical ,Technical,Group 'D' & RPR/RPSF) Reasoning Chapterwise & Typewise सॉल्वड पेपर्स, 2023









